00358pab a2200121 454500008004000000100002200040245007700062260000900139300001500148362000800163650002200171773004300193180718b2015 xxu||||| |||| 00| 0 eng d aStockemer, Daniel aWomen's descriptive representation in developed and developing countries c2015 ap.393-408. aSep aWomen in politics aInternational Political Science Review